Welcome to CU Library Online Public Access Catalogue (OPAC)

To have or to be (Record no. 9266)

MARC details
000 -LEADER
fixed length control field 00489nam a22001697a 4500
005 - DATE AND TIME OF LATEST TRANSACTION
control field 20260420114141.0
008 - FIXED-LENGTH DATA ELEMENTS--GENERAL INFORMATION
fixed length control field 260420b |||||||| |||| 00| 0 eng d
020 ## - INTERNATIONAL STANDARD BOOK NUMBER
International Standard Book Number 0060113790
050 ## - LIBRARY OF CONGRESS CALL NUMBER
Classification number BF698
Item number .F746
100 ## - MAIN ENTRY--PERSONAL NAME
Personal name Anshen Ruth Nanda
245 ## - TITLE STATEMENT
Title To have or to be
Remainder of title World perspectives
Statement of responsibility, etc. Anshen Ruth Nanda editor
260 ## - PUBLICATION, DISTRIBUTION, ETC.
Place of publication, distribution, etc. New York
Name of publisher, distributor, etc. Harper and Row Publishers
Date of publication, distribution, etc. C1976
300 ## - PHYSICAL DESCRIPTION
Extent xxiv,215p
500 ## - GENERAL NOTE
General note includes index
700 ## - ADDED ENTRY--PERSONAL NAME
Personal name Anshen Ruth Nanda
Relator term editor
942 ## - ADDED ENTRY ELEMENTS (KOHA)
Source of classification or shelving scheme Library of Congress Classification
Koha item type Books
Suppress in OPAC No
999 ## -
-- 9266
-- 9266
Holdings
Withdrawn status Lost status Source of classification or shelving scheme Damaged status Not for loan Collection Home library Current library Shelving location Date acquired Total checkouts Full call number Barcode Date last seen Price effective from Koha item type
    Library of Congress Classification     Non-fiction Main Library (Kumasi) Main Library (Kumasi) General stacks 04/20/2026   BF698.F746 FRO bssk00000017 04/20/2026 04/20/2026 Books
© 2023-2024 Copyright: Central University Libraries. All Rights Reserved | Created by: Mahone Tech Office